Catálogo de documentos manuscritos e avulsos da Capitania do Espírito Santo: (Registro n. 648)
[ somente texto ]
| 000 -LÍDER | |
|---|---|
| campo de controle de tamanho fixo | 01061nam a22002297a 4500 |
| 003 - IDENTIFICADOR DO NÚMERO DE CONTROLE | |
| campo de controle | BR-ViAPE |
| 005 - DATA E HORÁRIO DA ÚLTIMA TRANSAÇÃO | |
| campo de controle | 20260513115443.0 |
| 008 - CAMPO DE DADOS FIXOS--INFORMAÇÃO GERAL | |
| campo de controle de tamanho fixo | 260513m2000 por gsci|| 000 0 por d |
| 040 ## - FONTE DA CATALOGAÇÃO | |
| Instituição que transcreveu o registro | BR-ViAPE |
| 245 ## - TÍTULO | |
| Título | Catálogo de documentos manuscritos e avulsos da Capitania do Espírito Santo: |
| Restante do título | 1585 - 1822 |
| 250 ## - EDIÇÃO | |
| Edição | 2. ed. |
| 260 ## - PUBLICAÇÃO, DISTRIBUIÇÃO, ETC. | |
| Local de publicação, distribuição, etc. | Vitória |
| Nome do editor, distribuidor, etc. | Arquivo Público do Estado do Espírito Santo |
| Data da publicação, distribuição, etc. | 2000 |
| 300 ## - DESCRIÇÃO FÍSICA | |
| Extensão | 162 p. |
| Outros detalhes físicos | Livro disponível em PDF |
| 490 ## - TÍTULO DA SÉRIE | |
| Título da série | Coleção Canaã |
| Número do volume ou designação sequencial da série | v. 3 |
| 500 ## - NOTA GERAL | |
| Nota geral | Obra disponibilizada em PDF por integrar a Coleção Canaã do APEES. |
| 650 ## - ASSUNTO--TERMO TÓPICO | |
| Cabeçalho tópico ou nome geográfico | Manuscritos |
| Subdivisão geral | História |
| -- | Capitania |
| Subdivisão geográfica | Espírito Santo (Brasil) |
| 651 ## - ASSUNTO—LOCAIS GEOGRÁFICOS E HISTÓRICOS | |
| Nome geográfico | Espírito Santo (Brasil) |
| 710 ## - ENTRADA ADICIONADA - NOME DA EMPRESA | |
| Nome corporativo ou nome da jurisdição | Arquivo Público do Estado do Espírito Santo |
| 856 ## - LOCALIZAÇÃO ELETRÔNICA E ACESSO | |
| Uniform Resource Identifier | <a href="https://ape.es.gov.br/Media/ape/PDF/Livros/Catalogo_Doc_Manuscritos_Portugal1.pdf">https://ape.es.gov.br/Media/ape/PDF/Livros/Catalogo_Doc_Manuscritos_Portugal1.pdf</a> |
| Texto de ligação | CLIQUE AQUI PARA ACESSAR O DOCUMENTO - parte 1 |
| 856 ## - LOCALIZAÇÃO ELETRÔNICA E ACESSO | |
| Uniform Resource Identifier | <a href="https://ape.es.gov.br/Media/ape/PDF/Livros/Catalogo_Doc_Manuscritos_Portugal2.pdf">https://ape.es.gov.br/Media/ape/PDF/Livros/Catalogo_Doc_Manuscritos_Portugal2.pdf</a> |
| Texto de ligação | CLIQUE AQUI PARA ACESSAR O DOCUMENTO - parte 2 |
| 942 ## - ELEMENTOS DE ENTRADA ADICIONADOS (KOHA) | |
| Fonte da classificação ou esquema de arquivamento na estante | Dewey Decimal Classification |
| Tipo de material Koha | Livros |
| Ocultar no OPAC | Yes |
| Status de descarte | Fonte da classificação ou esquema de arquivamento na estante | Status físico | Não pode ser emprestado | Biblioteca de origem | Biblioteca atual | Data de aquisição | Total de empréstimos | Data de último acesso | Preço efetivo de | Tipo de material Koha |
|---|---|---|---|---|---|---|---|---|---|---|
| Dewey Decimal Classification | Biblioteca do Arquivo Público do Estado do Espírito Santo | Biblioteca do Arquivo Público do Estado do Espírito Santo | 05/13/2026 | 05/13/2026 | 05/13/2026 | Livros |